Conflicts of spring

Guardat en:
Dades bibliogràfiques
Autor principal: Gustafson, Ralph (Autor)
Format: Llibre
Idioma:anglès
Publicat: Toronto McClelland and Stewart 1981
Matèries:
Etiquetes: Afegir etiqueta
Sense etiquetes, Sigues el primer a etiquetar aquest registre!

MARC

LEADER 00000nam a2200000 a 4500
001 UCX3270
003 CL-VaPUC
008 911022e19810000CN |||||||||||||||||eng|d
082 0 4 |a C811  |b GUS  |2 21 
100 |a Gustafson, Ralph  |e author  |9 319376 
245 1 0 |a Conflicts of spring 
300 |a 96 p 
942 |c BK 
945 |d 19911022 00:00:00 
260 |a Toronto  |b McClelland and Stewart  |c 1981 
650 0 |a Poesías canadienses   |9 314771 
583 |a last modification  |c 19911022 00:00:00  |k Rodrigo Vera 
999 |c 224067  |d 224065 
952 |0 0  |1 0  |4 0  |6 C_811_000000000000000_GUS_1981  |7 0  |8 A  |9 220448  |a BIBEDU  |b BIBEDU  |d 2019-11-15  |i 289162K  |o C811 GUS 1981  |p 289162K  |r 2019-11-15  |w 2019-11-15  |y BK  |k LIT